00836 a2200205 450000100060000002000150000604000240002110000250004524000390007024500340010930000070014336200090015065000310015994200070019095201040019795201040030195201040040595201040050999900170061369085 a8530501152 cAnchieta - Itaigara aAguiar, Luiz Antonio10aSocorro! Estou comprando tudolpor10aSocorro! Estou comprando tudo a460 a1997 4aLiteratura infanto-juvenil cBK 00104070a88.1b88.1d2023-11-21l0o028.5 AGU SOCp1038/ITAr2023-11-21 20:03:29w2023-11-21yBK 00104070a88.1b88.1d2023-11-21l0o028.5 AGU SOCp1039/ITAr2023-11-21 20:03:29w2023-11-21yBK 00104070a88.1b88.1d2023-11-21l0o028.5 AGU SOCp1040/ITAr2023-11-21 20:03:29w2023-11-21yBK 00104070a88.1b88.1d2023-11-21l0o028.5 AGU SOCp1041/ITAr2023-11-21 20:03:29w2023-11-21yBK c69085d69085